| 000 | 00956nam a2200277 i 4500 | ||
|---|---|---|---|
| 003 | CO-BoRNBP | ||
| 005 | 20241004080815.0 | ||
| 007 | ta | ||
| 008 | 080726s2016 ck a gr 00010 spa d | ||
| 020 | _a9789585705159 | ||
| 040 |
_aCO-BoBLA _bspa _cCO-BoBLA |
||
| 041 | _aspa | ||
| 043 | _as-ck--- | ||
| 082 | 0 | 4 | _a912.861 R62a |
| 100 | _evarios autores | ||
| 245 | 0 | 0 |
_aAtlas Viajeros por Colombia/ _cCorrección de estilo, Luz Rodríguez; Diafragmación y diseño, Hemisferio Gráfico Taller creativo; Dirección General, Estefanía Moreno Cañón & Maru |
| 264 | 1 |
_aColombia _bGrupo Editorial E&E _c©2016 |
|
| 300 |
_a150 p. : _bil., fotos, mapas Col.; _c34 cm. |
||
| 336 |
_2rdacontent _atexto _btxt |
||
| 337 |
_2rdamedia _asin mediación _bn |
||
| 338 |
_2rdacarrier _avolumen _bnc |
||
| 650 | 1 | 7 |
_aColombia _xGeografía _zMapas _2ARMARC _942751 |
| 650 | 1 | 7 |
_aColombia _zDescripción _vMapas _2ARMARC _942752 |
| 942 |
_2ddc _cBK |
||
| 949 |
_an _bn |
||
| 999 |
_c38383 _d38383 |
||